Peces pampeanos : guía y ecología /
Guardado en:
| Autor Principal: | |
|---|---|
| Formato: | Libro |
| Idioma: | Undetermined |
| Publicado: |
Buenos Aires :
Literatura of Latin America,
2006.
|
| Materias: | |
| Etiquetas: |
Agregar Etiqueta
Sin Etiquetas, Sea el primero en etiquetar este registro!
|
| LEADER | 01190nam a22001935a 4500 | ||
|---|---|---|---|
| 001 | CEM.cems019966 | ||
| 008 | 230404s2006####ag############000#0#und#d | ||
| 005 | 20230404134234.0 | ||
| 245 | 1 | 0 | |a Peces pampeanos : |b guía y ecología / |c Juan José Rosso. |
| 260 | |a Buenos Aires : |b Literatura of Latin America, |c 2006. | ||
| 300 | |a 224 p. | ||
| 500 | |a Fotografías de Gerardo Pereyra. Mapas de Lic. Andrea Silva e Ing. María Laura Rubio. | ||
| 505 | 0 | |a Anatomía externa de los peces -- La región pampeana -- Paisaje -- Clima -- Hidrografía -- La región y sus peces -- Orden sistemático de las especies y su distribución -- Los peces de la región pampeana -- Siluriformes -- Characiformes -- Mojarras -- Cuadro comparativo de las mojarras pampeanas -- Atheriniformes -- Cyprinodontiformes -- Perciformes -- Synbranchiformes -- Clupeiformes -- Cypriniformes -- Los ecosistemas acuáticos pampeanos -- Lagunas turbias -- Lagunas claras -- Ríos, arroyos y canales -- Embalses y largos urbanos | |
| 020 | |a 9509725668 | ||
| 100 | 1 | |a Rosso, Juan José. | |
| 653 | |a Acuicultura | ||
| 653 | |a Piscicultura | ||
| 653 | |a Acuariología | ||
| 859 | |a CEMS |b BIB. CEMS - Agricultura |h 597.0982 |i R737 |p A3454.21 |t Ej.1 | ||
